Ortschaften des Kantons Zürich - Statistiken

Allgemein
  • Dieses Quiz wurde 448 mal gespielt
  • Das Durchschnittsergebnis liegt bei 73 aus 269
Antworten auf der Karte
Die Antworten werden auf der Karte rot bzw. grün angezeigt, abhängig davon wie oft sie richtig erraten wurden.
 
Antwortstatistiken
Einwohner Ortschaft % Korrekt
434’292 Zürich
91%
116’673 Winterthur
83%
21’098 Horgen
69%
30’643 Uster
69%
29’042 Dübendorf
65%
14’751 Meilen
63%
11’867 Pfäffikon
63%
21’257 Kloten
62%
17’514 Wetzikon
62%
15’927 Thalwil
60%
28’206 Dietikon
58%
11’464 Affoltern am Albis
57%
8’514 Wald
57%
16’934 Wädenswil
56%
24’189 Bülach
55%
12’865 Rüti
54%
14’375 Küsnacht
53%
17’692 Volketswil
53%
20’537 Schlieren
51%
8’244 Zollikon
51%
19’668 Adliswil
49%
8’034 Dietlikon
49%
12’152 Effretikon
49%
9’433 Kilchberg
49%
5’394 Greifensee
48%
4’629 Illnau
48%
11’857 Stäfa
48%
17’625 Wallisellen
48%
10’886 Hinwil
47%
3’960 Bubikon
46%
7’595 Oberglatt
46%
4’932 Opfikon
45%
6’280 Rüschlikon
45%
1’577 Wil
45%
3’093 Bauma
44%
11’011 Richterswil
44%
2’385 Andelfingen
43%
5’668 Eglisau
43%
6’033 Au
42%
5’237 Fällanden
42%
6’744 Herrliberg
42%
11’666 Männedorf
42%
2’299 Maur
42%
5’332 Niederglatt
42%
8’163 Rümlang
42%
5’169 Schwerzenbach
42%
12’186 Bassersdorf
41%
10’308 Embrach
41%
10’734 Regensdorf
41%
10’468 Urdorf
41%
1’501 Aathal-Seegräben
40%
4’768 Rafz
40%
7’880 Seuzach
40%
6’361 Uetikon am See
40%
8’157 Langnau am Albis
39%
5’707 Mettmenstetten
39%
5’678 Bonstetten
38%
1’032 Buch am Irchel
38%
6’391 Dielsdorf
38%
5’305 Egg bei Zürich
38%
5’549 Erlenbach
38%
5’323 Wettswil
38%
7’261 Birmensdorf
37%
6’819 Fehraltorf
37%
809 Fischenthal
37%
8’516 Hombrechtikon
37%
5’393 Oberrieden
37%
5’766 Zumikon
37%
1’698 Aesch
36%
447 Aesch (Neftenbach)
36%
10’686 Glattbrugg
36%
4’797 Neftenbach
36%
2’188 Wila
36%
5’505 Gossau
35%
6’910 Niederhasli
35%
5’075 Oetwil am See
35%
2’593 Oetwil an der Limmat
35%
3’899 Stallikon
35%
5’509 Uitikon Waldegg
35%
4’313 Bachenbülach
34%
3’238 Niederweningen
34%
4’848 Turbenthal
34%
4’472 Glattfelden
33%
6’812 Oberengstringen
33%
5’881 Obfelden
33%
4’131 Pfungen
33%
1’489 Aeugst am Albis
32%
426 Berg am Irchel
32%
257 Berg (Dägerlen)
32%
5’541 Brüttisellen
32%
3’963 Hedingen
32%
2’454 Knonau
32%
4’214 Mönchaltorf
32%
3’304 Neerach
32%
1’885 Oberweningen
32%
4’305 Unterengstringen
32%
5’077 Wiesendangen
32%
3’872 Bäretswil
31%
2’981 Hausen am Albis
31%
3’912 Hittnau
31%
5’327 Zollikerberg
31%
2’186 Brütten
30%
1’488 Flaach
30%
2’973 Ottenbach
30%
4’927 Winkel
30%
721 Dorf
29%
3’759 Dürnten
29%
4’576 Elgg
29%
3’766 Elsau
29%
1’492 Kleinandelfingen
29%
1’290 Rheinau
29%
3’012 Rorbas
29%
3’039 Russikon
29%
2’671 Wangen bei Dübendorf
29%
4’387 Dällikon
28%
2’619 Feuerthalen
28%
3’845 Grüningen
28%
1’107 Hüntwangen
28%
601 Kappel am Albis
28%
1’105 Oberembrach
28%
464 Regensberg
28%
1’970 Rickenbach Sulz
28%
3’397 Steinmaur
28%
6’666 Buchs
27%
2’325 Henggart
27%
1’878 Marthalen
27%
5’803 Nürensdorf
27%
854 Rickenbach
27%
1’987 Dachsen
26%
49 Dägerlen
26%
3’219 Hettlingen
26%
2’221 Hirzel
26%
644 Maschwanden
26%
3’207 Samstagern
26%
1’591 Stadel bei Niederglatt
26%
333 Stadel (Winterthur)
26%
2’123 Weiach
26%
3’509 Höri
25%
844 Lindau
25%
2’840 Lufingen
25%
3’146 Nänikon
25%
955 Steg im Tösstal
25%
686 Trüllikon
25%
4’346 Forch
24%
355 Kyburg
24%
2’282 Oberhasli
24%
2’999 Otelfingen
24%
1’391 Schöfflisdorf
24%
1’026 Thalheim an der Thur
24%
1’075 Zell
24%
2’634 Gattikon
23%
4’291 Geroldswil
23%
8’940 Kempten
23%
1’145 Rifferswil
23%
384 Volken
23%
2’895 Weisslingen
23%
756 Altikon
22%
75 Ellikon am Rhein
22%
1’026 Ellikon an der Thur
22%
1’201 Oberstammheim
22%
470 Truttikon
22%
3’208 Uerikon
22%
653 Bachs
21%
1’867 Dänikon
21%
842 Dättlikon
21%
1’701 Ossingen
21%
756 Schlatt
21%
870 Schleinikon
21%
577 Wasterkingen
21%
2’862 Weiningen
21%
701 Adlikon bei Andelfingen
20%
4’891 Adlikon bei Regensdorf
20%
1’733 Dinhard
20%
1’514 Flurlingen
20%
1’165 Hagenbuch
20%
1’963 Rikon im Tösstal
20%
370 Sternenberg
20%
1’643 Uhwiesen
20%
1’005 Unterstammheim
20%
1’444 Boppelsen
19%
365 Oberwil (Dägerlen)
19%
35 Sihlbrugg
19%
457 Teufen
19%
4’051 Watt
19%
586 Wildberg
19%
853 Benken
18%
1’974 Esslingen
18%
1’922 Freienstein
18%
4’104 Tann
18%
1’665 Saland
17%
2’219 Binz
16%
2’837 Ebmatingen
16%
486 Feldbach
16%
1’037 Gibswil
16%
1’983 Hochfelden
16%
158 Kemptthal
16%
1’798 Sennhof (Winterthur)
16%
446 Bertschikon
15%
1’309 Bertschikon (Gossau)
15%
2’203 Gockhausen
15%
492 Humlikon
15%
881 Hütten
15%
1’905 Schönenberg
15%
34 Sihlwald
15%
3’657 Wolfhausen
15%
974 Hüttikon
14%
2’245 Pfaffhausen
14%
66 Agasul
13%
2’063 Laupen
13%
1’126 Adetswil
12%
2’413 Grüt (Gossau)
12%
3’180 Kollbrunn
12%
789 Riedikon
12%
994 Winterberg
12%
2’101 Benglen
11%
5’950 Glattpark (Opfikon)
11%
557 Ottikon bei Kemptthal
11%
1’333 Ottikon (Gossau)
11%
607 Rämismühle
10%
413 Reutlingen (Winterthur)
10%
308 Waltalingen
10%
937 Zweidlen
10%
509 Aeugstertal
9%
314 Alten
9%
424 Attikon
9%
642 Auslikon
9%
133 Bänk (Dägerlen)
9%
353 Rutschwil (Dägerlen)
9%
1’395 Zwillikon
9%
978 Ebertswil
8%
1’526 Hinteregg
8%
336 Horgenberg
8%
1’266 Wermatswil
8%
338 Guntalingen
7%
2’031 Gutenswil
7%
169 Hauptikon
7%
331 Hofstetten
7%
255 Kefikon
7%
316 Sünikon
7%
2’545 Tagelswangen
7%
553 Uerzlikon
7%
50 Wilen bei Neunforn
7%
3’173 Fahrweid
6%
434 Nassenwil
6%
184 Neschwil
6%
272 Riet (Neftenbach)
6%
932 Wernetshausen
6%
174 Gräslikon
5%
1’192 Langwiesen
5%
154 Nohl
5%
273 Rudolfingen
5%
379 Sulzbach
5%
138 Wildensbuch
5%
768 Windlach
5%
243 Ehrikon
4%
1’380 Grafstal
4%
256 Hünikon (Neftenbach)
4%
53 Menzengrüt
4%
397 Oerlingen
4%
83 Ricketwil (Winterthur)
4%
192 Schalchen
4%
359 Theilingen
4%
188 Dickbuch
3%
472 Gundetswil
3%
862 Madetswil
3%
550 Rumlikon
3%
202 Schmidrüti
3%
157 Freudwil
2%
121 Gündisau
2%
Keine übereinstimmenden Quizze gefunden
Verteilung der Resultate
Anzahl Personen mit jedem Resultat
Perzentil nach korrekt beantworteten Fragen
Ihre Resultats-Entwicklung
Sie haben dieses Quiz noch nicht gespielt